La France des débuts de la IIIe République (notice n° 1638772)

détails MARC
000 -LEADER
fixed length control field 01451cam a2200133 4500500
005 - DATE AND TIME OF LATEST TRANSACTION
control field 20260201003747.0
041 ## - LANGUAGE CODE
Language code of text/sound track or separate title fre
042 ## - AUTHENTICATION CODE
Authentication code dc
100 10 - MAIN ENTRY--PERSONAL NAME
Personal name Lejeune, Dominique
Relator term author
245 00 - TITLE STATEMENT
Title La France des débuts de la IIIe République
260 ## - PUBLICATION, DISTRIBUTION, ETC.
Name of publisher, distributor, etc. Armand Colin,<br/>
Date of publication, distribution, etc. 2025.<br/>
520 ## - SUMMARY, ETC.
Summary, etc. La République des libertés, le parlementarisme triomphant : la France des débuts de la IIIe République (1870-1896) fonde véritablement le modèle républicain, définissant une tradition et une culture politiques. Mais le fonctionnement du régime est fait aussi de crises : le boulangisme, Panama, l’affaire Dreyfus… Après un « faux départ », agité, une fausse République (Thiers et l’Ordre moral), les véritables républicains font la conquête du régime. La société ? une nombreuse « classe moyenne », une relative société de consommation ; le livre mesure la ruralité du pays et la lenteur des transformations sociales, s’interroge sur l’étendue du consensus social que les grèves remettent visiblement en cause. Plus tard, quand se seront effondrés plusieurs des supports sociaux ou intellectuels du régime, quand les armées auront été brusquement et totalement vaincues par l’envahisseur, le discrédit atteindra « la Troisième » dans ses hommes et ses œuvres.
856 41 - ELECTRONIC LOCATION AND ACCESS
Uniform Resource Identifier <a href="https://shs.cairn.info/la-france-des-debuts-de-la-iiie-republique--9782200641825?lang=fr&redirect-ssocas=7080">https://shs.cairn.info/la-france-des-debuts-de-la-iiie-republique--9782200641825?lang=fr&redirect-ssocas=7080</a>

Pas d'exemplaire disponible.

PLUDOC

PLUDOC est la plateforme unique et centralisée de gestion des bibliothèques physiques et numériques de Guinée administré par le CEDUST. Elle est la plus grande base de données de ressources documentaires pour les Étudiants, Enseignants chercheurs et Chercheurs de Guinée.

Adresse

627 919 101/664 919 101

25 boulevard du commerce
Kaloum, Conakry, Guinée

Réseaux sociaux

Powered by Netsen Group @ 2025